000 00554nam a2200181Ia 4500
005 20260601193257.0
008 260601s9999||||xx |||||||||||||| ||und||
020 _a978-3-031-66673-5
_qebk
100 _aAna Cavalcanti
245 4 _aThe Practice of Formal Methods
250 _a2024
260 _aHeidelberg, Germany
_bSpringer Nature
_c2024
440 _aLecture Notes in Computer Science
650 _aComputer Science
700 _aJames Baxter
856 _uhttps://link.springer.com/openurl?genre=book&isbn=978-3-031-66673-5
942 _cEB
_2ddc
999 _c56888
_d56888